| 000 | 00557nam a2200217Ia 4500 | ||
|---|---|---|---|
| 003 | IT-RoPAU | ||
| 008 | 120407s9999 xx 000 0 und d | ||
| 040 | _aIT-RoPAU | ||
| 040 | _cIT-RoPAU | ||
| 041 | _aita | ||
| 100 | _aDidimo il Cieco | ||
| 245 | _aSur la Genése. (Testo greco-francese) | ||
| 250 | _aParis | ||
| 260 | _aDu Cerf | ||
| 260 | _c1976 | ||
| 300 | _c19,5 cm | ||
| 490 | _v1 | ||
| 600 | _a" t. 1° Intr.- Trad. - Notes 333 p. (S. C., 233) t. 2° Intr. -Trad. - Notes 347 p. ( S. C. 244)" | ||
| 942 | _cBK | ||
| 999 |
_c14023 _d14023 |
||